Statistiques concernant Quiz Départements Centre-Val de Loire

Cliquez ici pour prendre le quiz!

Statistiques générales

  • Ce quiz a été pris 29 fois
  • Le résultat moyen est 3 sur 6

Statistiques - réponses

QuestionRéponse% Correct
Zooparc situé dans le Loir-et-CherBeauval
92%
Château d'Indre-et-Loire ou est mort Leonard de VinciChâteau du Clos-Lucé
77%
Dans quel commune de l'Eure et Loir se trouve La Tanière - Zoo RefugeNogent-le-Phaye
54%
Célèbre acteur né a Châteauroux dans l'IndreGérard Depardieu
50%
Quel ville du Loiret avait un club de handball en Starligue lors de la saison 2021-2022Saran
35%
Quel château ne se trouve pas de le CherChâteau de Cormatin
31%

Distribution des résultats

Percentile par nombre de réponses

% des personnes avec chaque résultat

Votre développement - résultats

Vous n’avez pas pris ce quiz